000 00649nam a2200229 a 4500
001 23559
003 CO-ViMGA
008 141112s2004 ck r 000 u spa d
020 _a9789586486361
040 _aCO-ViMGA
_bspa
_cCO-ViMGA
090 _a658.403
_bA519t
100 1 _aAmaya Amaya , Jairo
_910294
245 1 0 _aToma de decisiones gerenciales /
_cJairo Amaya Amaya
250 _a2da
260 _aColombia :
_bEcoe
300 _a160p.
650 1 4 _aCAMBIO ORGANIZACIONAL
_910297
650 1 4 _aDECISIONES ADMINISTRATIVAS
_910296
650 1 4 _aTECNICAS ADMINISTRATIVAS
_910298
650 1 4 _aTOMA DE DECICIONES
_910295
942 _2ddc
_cBK
999 _c31679
_d31679